<?xml version="1.0" encoding="UTF-8"?>
<record
    xmlns:xsi="http://www.w3.org/2001/XMLSchema-instance"
    xsi:schemaLocation="http://www.loc.gov/MARC21/slim http://www.loc.gov/standards/marcxml/schema/MARC21slim.xsd"
    xmlns="http://www.loc.gov/MARC21/slim">

  <leader>00996nam a2200193 i 4500</leader>
  <controlfield tag="001">bg</controlfield>
  <datafield tag="245" ind1="1" ind2="0">
    <subfield code="a">Komentarz do tabeli klas grunt&#xF3;w :</subfield>
    <subfield code="b">w zakresie bonitacji gleb grunt&#xF3;w ornych teren&#xF3;w r&#xF3;wninowych, wy&#x17C;ynnych i nizinnych wraz z regionalnymi instrukcjami dotycz&#x105;cymi bonitacji gleb ornych teren&#xF3;w g&#xF3;rzystych i komentarzami dotycz&#x105;cymi bonitacji gleb u&#x17C;ytk&#xF3;w zielonych i gleb pod lasami dla u&#x17C;ytku klasyfikator&#xF3;w gleb i pracownik&#xF3;w kartografii gleb - IUNG /</subfield>
    <subfield code="c">Minsterstwo Rolnictwa.</subfield>
  </datafield>
  <datafield tag="260" ind1=" " ind2=" ">
    <subfield code="a">Pu&#x142;awy :</subfield>
    <subfield code="b">Instytut Uprawy Nawo&#x17C;enia i Gleboznawstwa,</subfield>
    <subfield code="c">2004.</subfield>
  </datafield>
  <datafield tag="300" ind1=" " ind2=" ">
    <subfield code="a">464 s. ;</subfield>
    <subfield code="c">17 cm.</subfield>
  </datafield>
  <datafield tag="500" ind1=" " ind2=" ">
    <subfield code="a">Repr. wykonany w Instytucie Uprawy Nawo&#x17C;enia i Gleboznawstwa w Pu&#x142;awach w 2004 r. w uzgodnieniu z Ministerstwem Rolnictwa i Rozwoju Wsi.</subfield>
  </datafield>
  <datafield tag="650" ind1=" " ind2="9">
    <subfield code="a">Gleby</subfield>
    <subfield code="x">klasyfikacja</subfield>
  </datafield>
  <datafield tag="710" ind1="2" ind2=" ">
    <subfield code="a">Polska</subfield>
    <subfield code="b">Ministerstwo Rolnictwa i Rozwoju Wsi</subfield>
  </datafield>
  <datafield tag="040" ind1=" " ind2=" ">
    <subfield code="c">BPK</subfield>
  </datafield>
  <datafield tag="041" ind1="0" ind2=" ">
    <subfield code="a">pol</subfield>
  </datafield>
  <datafield tag="044" ind1=" " ind2=" ">
    <subfield code="a">POL</subfield>
  </datafield>
  <datafield tag="080" ind1=" " ind2=" ">
    <subfield code="a">631.4</subfield>
  </datafield>
  <datafield tag="942" ind1=" " ind2=" ">
    <subfield code="c">KS</subfield>
  </datafield>
  <controlfield tag="008">      s        pl     f     |000 0 pol  </controlfield>
  <datafield tag="999" ind1=" " ind2=" ">
    <subfield code="c">55455</subfield>
    <subfield code="d">55455</subfield>
  </datafield>
  <datafield tag="856" ind1=" " ind2=" ">
    <subfield code="u">http://koha.tu.koszalin.pl/cgi-bin/koha/opac-detail.pl?biblionumber=55455</subfield>
    <subfield code="y">Katalog online BPK</subfield>
  </datafield>
  <datafield tag="952" ind1=" " ind2=" ">
    <subfield code="0">0</subfield>
    <subfield code="1">0</subfield>
    <subfield code="4">0</subfield>
    <subfield code="7">0</subfield>
    <subfield code="a">BPK</subfield>
    <subfield code="b">BPK</subfield>
    <subfield code="c">w</subfield>
    <subfield code="o">88693</subfield>
    <subfield code="p">02446875</subfield>
    <subfield code="y">KS</subfield>
  </datafield>
</record>
